000 01778cam a2200409 a 4500
999 _c529656
_d529656
001 2090328
003 NUST
005 20191001105044.0
008 950227s1995 dcua b 000 0 eng d
010 _a 95060499
020 _a0309056721 :
_c$11.00
035 _a(OCoLC)32644968
038 _aMSOHAIL
040 _aCU-IT
_cCU-IT
_dDLC
042 _alccopycat
043 _ae------
_an-us---
050 0 0 _aTE23
_b.W56 1995
082 0 0 _a625.70973
_220
100 1 _aWitheford, David K.
_920748
245 1 0 _aImplementation of technology from abroad /
_cDavid K. Witheford.
260 _aWashington, D.C. :
_bNational Academy Press,
_c1995.
300 _a44 p. :
_bill. ;
_c28 cm.
440 0 _aSynthesis of highway practice,
_x0547-5570 ;
_v216
_922089
500 _a"Transportation Research Board, National Research Council."
500 _a"Research sponsored by the American Association of State Highway and Transportation Officials in cooperation with the Federal Highway Administration."
504 _aIncludes bibliographical references (p. 34-35).
650 0 _aRoads
_xDesign and construction
_xTechnological innovations
_zUnited States.
_922090
650 0 _aTechnology transfer
_zUnited States.
_921749
650 0 _aTechnology transfer
_zEurope.
_922091
650 0 _aTransportation
_xTechnological innovations
_zUnited States.
_920184
710 2 _aNational Research Council (U.S.).
_bTransportation Research Board.
_919676
710 2 _aAmerican Association of State Highway and Transportation Officials.
_919553
710 1 _aUnited States.
_bFederal Highway Administration.
_920149
906 _a7
_bcbc
_ccopycat
_d2
_eopcn
_f19
_gy-gencatlg
942 _2ddc
_cBK